00959nam a22002297a 4500003000400000005001700004008004100021020001800062040002300080082002800103100002800131245013100159260005900290300004500349650003900394650002800433650004000461700003200501942001800533952016100551999001700712OSt20260505015531.0260505b |||||||| |||| 00| 0 eng d a9781611599480 aDWCL Main Lib.cOC aProf. 610.73 C532c 2015 aNewmark, Amy eCompiler aChicken soup for the soul : binspiration for nurses : 101 stories of appreciation and wisdom /cAmy Newmark and LeAnn Thieman aUSA : bChicken Soup for the Soul Publishing, cc2015. axi, 349 pages : billustrations ; c22cm a1. Nurses -- Literary Collections. a2. Nurses -- Anecdotes. a3. Nursing -- Literary Collections. aI. Thieman, LeAnneCompiler 2ddccPROF.n0 00102ddc4070aDWCLJHSbDWCLJHScProf.d2016-09-19eLibrary Fundg585.00l0oProf. 610.73 C532c 2015pJHS - 19054r2026-05-05tc1w2026-05-05yPROF.0@u c10242d10242